<?xml version="1.0" encoding="UTF-8"?>
<record
    xmlns:xsi="http://www.w3.org/2001/XMLSchema-instance"
    xsi:schemaLocation="http://www.loc.gov/MARC21/slim http://www.loc.gov/standards/marcxml/schema/MARC21slim.xsd"
    xmlns="http://www.loc.gov/MARC21/slim">

  <leader>02618nam a2200361 a 4500</leader>
  <controlfield tag="003">CHAP</controlfield>
  <controlfield tag="005">20250203122202.0</controlfield>
  <controlfield tag="007">ta</controlfield>
  <controlfield tag="008">241206t2006    wauabd|fr|||| 001 0 eng d</controlfield>
  <datafield tag="020" ind1=" " ind2=" ">
    <subfield code="a">978-1-55963-885-2</subfield>
    <subfield code="q">(libro de bolsillo, papel alcalino)</subfield>
  </datafield>
  <datafield tag="040" ind1=" " ind2=" ">
    <subfield code="a">Z</subfield>
    <subfield code="c">CHAP</subfield>
    <subfield code="e">rda</subfield>
  </datafield>
  <datafield tag="041" ind1="0" ind2=" ">
    <subfield code="b">Ingl&#xE9;s</subfield>
    <subfield code="f">Ingl&#xE9;s</subfield>
  </datafield>
  <datafield tag="082" ind1="0" ind2="0">
    <subfield code="a">633.202</subfield>
    <subfield code="b">B88 2006</subfield>
    <subfield code="2">20</subfield>
  </datafield>
  <datafield tag="100" ind1="1" ind2=" ">
    <subfield code="a">Butterfield, Jody</subfield>
    <subfield code="9">189199</subfield>
    <subfield code="e">autor</subfield>
  </datafield>
  <datafield tag="245" ind1="1" ind2="0">
    <subfield code="a">Holistic management handbook :</subfield>
    <subfield code="b">healthy land, healthy profits / </subfield>
    <subfield code="c">Jody Butterfield, Sam Bingham, and Allan Savory</subfield>
  </datafield>
  <datafield tag="264" ind1=" " ind2="1">
    <subfield code="a">Washington, D.C. :</subfield>
    <subfield code="b">Island Press,</subfield>
    <subfield code="c">&#xA9;2006</subfield>
  </datafield>
  <datafield tag="300" ind1=" " ind2=" ">
    <subfield code="a">xxi, 248 p&#xE1;ginas :</subfield>
    <subfield code="b">ilustraciones, mapas, gr&#xE1;ficas, tablas</subfield>
  </datafield>
  <datafield tag="336" ind1=" " ind2=" ">
    <subfield code="2">rdacontent</subfield>
    <subfield code="a">texto</subfield>
    <subfield code="b">txt</subfield>
  </datafield>
  <datafield tag="337" ind1=" " ind2=" ">
    <subfield code="2">rdamedia</subfield>
    <subfield code="a">sin medio</subfield>
    <subfield code="b">n</subfield>
  </datafield>
  <datafield tag="338" ind1=" " ind2=" ">
    <subfield code="2">rdacarrier</subfield>
    <subfield code="a">volumen</subfield>
    <subfield code="b">nc</subfield>
  </datafield>
  <datafield tag="500" ind1=" " ind2=" ">
    <subfield code="a">ej.1: Consumo</subfield>
  </datafield>
  <datafield tag="500" ind1=" " ind2=" ">
    <subfield code="a">Edici&#xF3;n revisada de: Holistic resource management workbook / Sam Bingham with Allan Savory. 1990.</subfield>
  </datafield>
  <datafield tag="505" ind1="0" ind2=" ">
    <subfield code="a">List of figures -- List of boxes -- Foreword -- Preface -- Acknowledgments -- Part I: Holistic management financial planning: making a healthy profit -- Part II: Holistic management grazing planning: Getting animals to the right reasons -- Part III: Holistic management biological nonitorin to make what you want happen -- Part IV: Holistic management land planning: designing the ideal layout of your infrastructure.</subfield>
  </datafield>
  <datafield tag="520" ind1=" " ind2=" ">
    <subfield code="a">Holistic management, as described by Allan Savory in the books Holistic Resource Management (Island Press, 1988) and the revised edition, Holistic Management (Island Press, 2001), has been practiced by thousands of people around the world to profitably restore and promote the health of their land through practices that mimic nature, and by many others who have sought a more rewarding personal or family life. Holistic Management Handbook offers a detailed explanation of the planning procedures presented in those books and gives step-by-step guidance for implementing holistic management on a ranch or farm.
Holistic Management Handbook are essential reading for anyone involved with land management and stewardship, and together represent an indispensable guide for individuals interested in making better decisions within their organizations or in any aspect of their personal or professional lives.</subfield>
  </datafield>
  <datafield tag="534" ind1=" " ind2=" ">
    <subfield code="p">T&#xED;tulo original:</subfield>
  </datafield>
  <datafield tag="650" ind1="1" ind2="3">
    <subfield code="a">Manejo de pastizal</subfield>
    <subfield code="9">145355</subfield>
  </datafield>
  <datafield tag="650" ind1="1" ind2="3">
    <subfield code="a">Tierras de pasto</subfield>
    <subfield code="9">189661</subfield>
  </datafield>
  <datafield tag="650" ind1="1" ind2="3">
    <subfield code="a">Efectos del pastoreo</subfield>
    <subfield code="9">190035</subfield>
  </datafield>
  <datafield tag="650" ind1="1" ind2="3">
    <subfield code="a">Restauraci&#xF3;n de los pastizales</subfield>
    <subfield code="9">189662</subfield>
  </datafield>
  <datafield tag="700" ind1="1" ind2=" ">
    <subfield code="a">Bingham, Sam</subfield>
    <subfield code="9">189806</subfield>
    <subfield code="e">autor</subfield>
  </datafield>
  <datafield tag="700" ind1="1" ind2=" ">
    <subfield code="a">Savory, Allan</subfield>
    <subfield code="9">189197</subfield>
    <subfield code="e">autor</subfield>
  </datafield>
  <datafield tag="942" ind1=" " ind2=" ">
    <subfield code="2">ddc</subfield>
    <subfield code="c">LIBRO</subfield>
  </datafield>
  <datafield tag="999" ind1=" " ind2=" ">
    <subfield code="c">220310</subfield>
    <subfield code="d">220310</subfield>
  </datafield>
  <datafield tag="952" ind1=" " ind2=" ">
    <subfield code="0">0</subfield>
    <subfield code="1">0</subfield>
    <subfield code="2">ddc</subfield>
    <subfield code="4">0</subfield>
    <subfield code="5">1</subfield>
    <subfield code="7">0</subfield>
    <subfield code="8">GRAL</subfield>
    <subfield code="a">Z</subfield>
    <subfield code="b">Z</subfield>
    <subfield code="d">2019-10-02</subfield>
    <subfield code="e">Compra Libreria UACh. No. 38300</subfield>
    <subfield code="i">Consumo</subfield>
    <subfield code="l">0</subfield>
    <subfield code="o">633.202 B88 2006</subfield>
    <subfield code="p">5102007519</subfield>
    <subfield code="r">2024-12-06 14:30:33</subfield>
    <subfield code="t">Ej.1</subfield>
    <subfield code="w">2024-12-06</subfield>
    <subfield code="y">LIBRO</subfield>
  </datafield>
</record>
